Business information systems :analysis, design, and practice. / (Record no. 968)

MARC details
000 -LEADER
fixed length control field 02093pam a2200301 a 4500
001 - CONTROL NUMBER
control field 5300103
005 - DATE AND TIME OF LATEST TRANSACTION
control field 20210414113944.0
008 - FIXED-LENGTH DATA ELEMENTS--GENERAL INFORMATION
fixed length control field 050412s2005 nyua b 001 0 eng
020 ## - INTERNATIONAL STANDARD BOOK NUMBER
International Standard Book Number 0273687921
040 ## - CATALOGING SOURCE
Original cataloging agency DLC
Transcribing agency DLC
Modifying agency OrLoB
-- NNC
-- OrLoB-B
050 00 - LIBRARY OF CONGRESS CALL NUMBER
Classification number HF5548.2.C88
Item number
100 1# - MAIN ENTRY--PERSONAL NAME
Personal name Curtis, Graham.
245 10 - TITLE STATEMENT
Title Business information systems :analysis, design, and practice. /
Statement of responsibility, etc. Graham Curtis and David Cobham.
250 ## - EDITION STATEMENT
Edition statement 5th ed.
260 ## - PUBLICATION, DISTRIBUTION, ETC.
Place of publication, distribution, etc. Upper Saddle River, NJ :
Name of publisher, distributor, etc. Pearson
Date of publication, distribution, etc. 2005.
300 ## - PHYSICAL DESCRIPTION
Extent xxii, 664 p.:
Other physical details ill. ;
Dimensions 25cm.
504 ## - BIBLIOGRAPHY, ETC. NOTE
Bibliography, etc. note Includes bibliographical references and index.
505 00 - FORMATTED CONTENTS NOTE
Miscellaneous information Contents: Information systems -- Strategy and information systems -- Business information technology -- Distributed systems, networks and the organization -- The Internet and the world wide web -- Electronic commerce and business -- Decision support and end user computing -- File organization and databases for business information systems -- Information systems: control and responsibility -- Information systems development: an overview -- The Systems project: early stages -- Process analysis and modeling -- Systems design -- Detailed design, implementation and review -- Systems development: further tools, techniques and alternative approaches -- Expert systems and knowledge bases.
520 1# - SUMMARY, ETC.
Summary, etc. "Business Information Systems 5th edition offers today's BIS students a comprehensive understanding of how information systems can aid the realisation of business objectives." "Equipped with a wide variety of long, short and extended case studies from across the UK and Europe as well as examples, review questions and exercises throughout the text, students can easily check their understanding and see how their new-found knowledge applies to real-world situations."--BOOK JACKET.
650 #0 - SUBJECT ADDED ENTRY--TOPICAL TERM
Topical term or geographic name entry element Business
General subdivision Data processing.
650 #0 - SUBJECT ADDED ENTRY--TOPICAL TERM
Topical term or geographic name entry element Information storage and retrieval systems
General subdivision Business.
650 #0 - SUBJECT ADDED ENTRY--TOPICAL TERM
Topical term or geographic name entry element Management information systems.
650 #0 - SUBJECT ADDED ENTRY--TOPICAL TERM
Topical term or geographic name entry element System design.
700 1# - ADDED ENTRY--PERSONAL NAME
Personal name Cobham, David P.
942 ## - ADDED ENTRY ELEMENTS (KOHA)
Source of classification or shelving scheme Library of Congress Classification
Koha item type Books
948 1# - LOCAL PROCESSING INFORMATION (OCLC); SERIES PART DESIGNATOR (RLIN)
Series part designator, SPT (RLIN) 20050822
Holdings
Withdrawn status Lost status Source of classification or shelving scheme Damaged status Not for loan Home library Current library Shelving location Date acquired Total Checkouts Full call number Barcode Date last seen Copy number Price effective from Koha item type
    Library of Congress Classification     WISCONSIN INTERNATIONAL UNIVERSITY COLLEGE, GHANA - MAIN LIBRARY WISCONSIN INTERNATIONAL UNIVERSITY COLLEGE, GHANA - MAIN LIBRARY General Stacks 24/05/2012   HF5548.2.C88 2398/12 24/05/2012 1 24/05/2012 Books
    Library of Congress Classification     WISCONSIN INTERNATIONAL UNIVERSITY COLLEGE, GHANA - MAIN LIBRARY WISCONSIN INTERNATIONAL UNIVERSITY COLLEGE, GHANA - MAIN LIBRARY General Stacks 24/05/2012   HF5548.2.C881 2399/12 24/05/2012 2 24/05/2012 Books
    Library of Congress Classification     WISCONSIN INTERNATIONAL UNIVERSITY COLLEGE, GHANA - MAIN LIBRARY WISCONSIN INTERNATIONAL UNIVERSITY COLLEGE, GHANA - MAIN LIBRARY General Stacks 24/05/2012   HF5548.2.C882 2400/12 24/05/2012 3 24/05/2012 Books
    Library of Congress Classification     WISCONSIN INTERNATIONAL UNIVERSITY COLLEGE, GHANA - MAIN LIBRARY WISCONSIN INTERNATIONAL UNIVERSITY COLLEGE, GHANA - MAIN LIBRARY General Stacks 24/05/2012   HF5548.2.C883 2401/12 24/05/2012 4 24/05/2012 Books
    Library of Congress Classification     WISCONSIN INTERNATIONAL UNIVERSITY COLLEGE, GHANA - MAIN LIBRARY WISCONSIN INTERNATIONAL UNIVERSITY COLLEGE, GHANA - MAIN LIBRARY General Stacks 24/05/2012   HF5548.2.C884 2402/12 24/05/2012 5 24/05/2012 Books

If you have any concerns or questions; kindly contact the library


© Powered by WIUC ICT DIRECTORATE